Normal view
MARC view
- Pratt, Philip J.
Entry Personal Name
001 - CONTROL NUMBER
- control field: 2506
003 - CONTROL NUMBER IDENTIFIER
- control field: OSt
005 - DATE AND TIME OF LATEST TRANSACTION
- control field: 20160205141815.0
008 - FIXED-LENGTH DATA ELEMENTS
- fixed length control field: 160205|| aca||aabn | a|a d
040 ## - CATALOGING SOURCE
- Original cataloging agency: OSt
100 ## - HEADING--PERSONAL NAME
- Personal name: Pratt, Philip J.
